LEADER 01059nam0 2200301 4500 001 000028345 005 20110913131414.0 010 $a88-317-9055-2 100 $a20110913d2006----km-y0itay50------ba 101 0 $aita 102 $aIT 105 $ay-------001yy 200 1 $a<>sviluppo economico moderno$edalla rivoluzione industriale alla crisi energetica$fa cura di Pier Angelo Toninelli 210 $aVenezia$cMarsilio$d2006 215 $a698 p.$d19 cm 225 2 $aTascabili Marsilio. Saggi 300 $aSegue: Appendice statistica, a cura di P. A. Toninelli. 410 0$12001$aTascabili Marsilio. Saggi 451 0$1001000024497 500 10$a<>sviluppo economico moderno$958471 610 1 $aSviluppo economico$aSec. 18.-20. 676 $a338.9009$v21$9Sviluppo economico. Storia, geografia, persone 702 1$aToninelli,$bPier Angelo 801 0$aIT$bUNIPARTHENOPE$c20110913$gRICA$2UNIMARC 912 $a000028345 951 $a338-S/43$b43139$cNAVA1$d2011 996 $aSviluppo economico moderno$958471 997 $aUNIPARTHENOPE LEADER 01215nam0 2200277 450 001 000026373 005 20090914101256.0 100 $a20090714d1971----km-y0itaa50------ba 101 0 $ager 102 $aAT 200 1 $aLiteratur in Österreich von 1945 bis 1970$eStrömungen und Tendenzen$fdargestellt von Viktor Suchy$gherausgegeben von der Dokumentationsstelle für neuere österreichische Literatur 210 $aWien$cDokumentationsstelle für neuere österreichische Literatur$d1971 215 $a79 p.$cill.$d24 cm. 606 1 $aLetteratura austriaca$xStudi critici$zSec. 20. 676 $a839$v(21. ed.)$9Altre letterature germaniche 700 1$aSuchy,$bViktor$0192573 712 02$aDokumentationsstelle für neuere österreichische Literatur 801 0$aIT$bUniversità della Basilicata - B.I.A.$gRICA$2unimarc 912 $a000026373 996 $aLiteratur in Österreich von 1945 bis 1970$91528560 997 $aUNIBAS BAS $aLETTERE CAT $aEXT10$b01$c20090714$lBAS01$h1223 CAT $aMDL$b00$c20090914$lBAS01$h1012 FMT Z30 -1$lBAS01$LBAS01$mBOOK$1BASA1$APolo Storico-Umanistico$2FMAS$BFondo Masini$3FMas/817/3136$6817/3136$5B817/3136$820090714$f04$FPrestabile Didattica